| 000 | 01049cam a2200265 4500 | ||
|---|---|---|---|
| 008 | 090401t1994 xxu||||| |||| 00| 0 eng d | ||
| 020 | _a0117527181 | ||
| 035 | _a(Sirsi) u63007 | ||
| 041 | _aeng | ||
| 050 | _a333.73 | ||
| 110 |
_aUnited Kingdom _bDepartment of the Environment _9982 |
||
| 245 | 4 | _aThe reclamation and management of metalliferous mining sites. | |
| 260 |
_aLondon _bHMSO _c1994 |
||
| 300 | _a168p. ; 30cm. | ||
| 350 | _a30 | ||
| 520 | _aReview, commissioned by the DoE from the Environmental Consultancy University of Sheffield and Richards, Moorhead & Laing Ltd.,of the reclamation and management of non-ferrous metalliferous mining sites with particular reference to non-agricultural after uses. Includes twenty-two case studies. | ||
| 650 | _aCONTAMINATED LAND | ||
| 650 | _aDERELICT LAND | ||
| 650 | _aMETALLIFEROUS MINING SITES | ||
| 690 | _aLAND | ||
| 710 |
_aEnvironmental Consultancy University of Sheffied _92942 |
||
| 710 |
_aRichards Moorehead and Laing Ltd. _92943 |
||
| 942 | _n0 | ||
| 948 | _c04/03/1997 | ||
| 999 |
_c94499 _d94499 |
||